|
|
|
|
| LEADER |
00000nam a22000007a 4500 |
| 005 |
20210225224056.0 |
| 007 |
cr|||| |||| |
| 008 |
210225s2015 us |||||s|||| 00||0 eng d |
| 020 |
|
|
|a 978-1-63425-097-9
|
| 035 |
|
|
|a 32408
|
| 040 |
|
|
|a vLex
|
| 090 |
|
|
|c 11289
|d 11289
|
| 100 |
1 |
|
|a Barretto Ferreira da Silva, Ricardo
|
| 245 |
1 |
0 |
|a Legal Guide to Doing Business in South America
|h [Recurso electrn̤ico] /
|c Ricardo Barretto Ferreira da Silva, Carla Amaral de Andrade Junqueira Canero
|
| 250 |
|
|
|a Segunda Edicin̤
|
| 256 |
|
|
|a Servicio en ln̕ea
|
| 260 |
|
|
|a Chicago:
|b American Bar Association,
|c 2015
|
| 300 |
|
|
|a 1 recurso electrn̤ico
|
| 506 |
1 |
|
|a Disponible solo en los productos indicados
|d vLex Global
|d vLex Global (Academic Edition, excluding Law Schools)
|d vLex Global (Academic Edition, Law Schools)
|
| 650 |
0 |
4 |
|a Derecho Internacional
|z Estados Unidos
|
| 700 |
1 |
|
|a Amaral de Andrade Junqueira Canero, Carla
|
| 740 |
0 |
|
|a vLex Libros (Servicio en ln̕ea)
|
| 856 |
4 |
0 |
|u http://vlex.com/source/legal-guide-doing-business-south-america-32408
|z Acceso restringido
|
| 942 |
|
|
|c BOOK
|
| 999 |
0 |
|
|a International right
|